LEADER 01303nam0-2200289 --450 001 9910448758303321 005 20210430121444.0 010 $a978-88-6611-865-7 100 $a20210430d2019----kmuy0itay5050 ba 101 0 $aita 102 $aIT 105 $a 001yy 200 1 $a<>restrizione della libertą personale dei parlamentari$edai presupposti costituzionali all'interpretazione delle Camere$fElisa Tira 210 $aBari$cCacucci$d2019 215 $aXI, 177 p.$d24 cm 225 1 $aStudi di diritto pubblico. Nuova serie$v8 330 $aOggetto della presente trattazione č l'illustrazione del sistema delle "immunitą processuali" (o inviolabilitą) dei membri delle Camere, istituti che appartengono alle prerogative costituzionali poste a garanzia dell'indipendenza della funzione parlamentare, aventi natura derogatoria rispetto al diritto comune e nei confronti della generale ripartizione dei poteri e delle competenze. 610 0 $aImmunitą parlamentare$aItalia 676 $a342.45055$v23 700 1$aTira,$bElisa$0793059 801 0$aIT$bUNINA$gREICAT$2UNIMARC 901 $aBK 912 $a9910448758303321 952 $aVIII C 134$b652 cos$fDDCIC 959 $aDDCIC 996 $aRestrizione della libertą personale dei parlamentari$91773544 997 $aUNINA